| 000 | 00394nam a2200169Ia 4500 | ||
|---|---|---|---|
| 005 | 20250423095024.0 | ||
| 008 | 250422s9999 xx 000 0 und d | ||
| 020 | _a0- 9760833- 0- 2 | ||
| 050 | _aHG 8091 .H87/ | ||
| 100 | _aHurzeler, Donald J. | ||
| 245 | 0 | _aDesignated for success | |
| 260 | _aMalvern, PA | ||
| 260 | _bCPCU society | ||
| 260 | _c2004 | ||
| 300 | _a172 p | ||
| 942 | _cBK | ||
| 999 |
_c29000 _d29000 |
||